Vincent van Gogh. (Record no. 9043)

MARC details
000 -CABECERA
campo de control de longitud fija 00599nam a2200217 a 4500
001 - NÚMERO DE CONTROL
campo de control BRL_230
005 - FECHA Y HORA DE LA ÚLTIMA TRANSACCIÓN
campo de control 20190320210638.0
008 - DATOS DE LONGITUD FIJA--INFORMACIÓN GENERAL
campo de control de longitud fija 840926s1947----fr-a######---#000-0afre-#
041 ## - CÓDIGO DE LENGUA
Código de lengua del texto/banda sonora o título independiente fre
044 ## - CÓDIGO DEL PAÍS DE LA ENTIDAD EDITORA/PRODUCTORA
Código MARC del país fr
050 #4 - SIGNATURA TOPOGRÁFICA DE LA BIBLIOTECA DEL CONGRESO
Número de clasificación ND653.G6
Número de documento/Ítem .V56 1947
245 10 - MENCIÓN DE TÍTULO
Título Vincent van Gogh.
260 ## - PUBLICACIÓN, DISTRIBUCIÓN, ETC.
Lugar de publicación, distribución, etc. París
Nombre del editor, distribuidor, etc. Phaidon
Fecha de publicación, distribución, etc. 1947
300 ## - DESCRIPCIÓN FÍSICA
Extensión 14 p.
Otras características físicas il. (algunas a color), 120 láminas
Dimensiones 36 cm.
500 ## - NOTA GENERAL
Nota general Incluye índice de ilustraciones
500 ## - NOTA GENERAL
Nota general Incluye 3 láminas sueltas
500 ## - NOTA GENERAL
Nota general Au189
600 14 - PUNTO DE ACCESO ADICIONAL DE MATERIA--NOMBRE DE PERSONA
Nombre de persona Gogh, Vincent van
Fechas asociadas al nombre 1853-1890
Subdivisión de forma Catálogos
Subdivisión general Pintura
9 (RLIN) 12263
902 ## - CATALOGADOR
Iniciales GRL
942 ## - ELEMENTOS DE PUNTO DE ACCESO ADICIONAL (KOHA)
Fuente del sistema de clasificación o colocación Library of Congress Classification
Tipo de ítem Koha Libros
Holdings
Estado de retiro Estado de pérdida Estado dañado No para préstamo Localización permanente Ubicación/localización actual Fecha de adquisición Número de inventario Total de préstamos Signatura topográfica completa Código de barras Fecha visto por última vez Precio válido a partir de Tipo de ítem Koha
El ejemplar forma parte de la colección y puede ser consultado según las políticas vigentes.       Biblioteca Centro de Estudios Ruth D. Lechuga Biblioteca Centro de Estudios Ruth D. Lechuga 21/05/2013 Au189   ND653.G6 .V56 1947 (Au189) GRL00243 22/03/2019 22/03/2019 Libros